Integral calculus / Ma. Luisa B. Canela, Christian Niegas, Sergio E. Ymas Jr. (Record no. 21607)

000 -LEADER
fixed length control field 00530nam a22001697a 4500
020 ## - INTERNATIONAL STANDARD BOOK NUMBER
ISBN 9789710438037
082 ## - DEWEY DECIMAL CLASSIFICATION NUMBER
Classification number 515.43
Item number C221 2024
100 ## - MAIN ENTRY--AUTHOR NAME
Personal name Canela, Ma. Luisa B., author.
245 ## - TITLE STATEMENT
Title Integral calculus / Ma. Luisa B. Canela, Christian Niegas, Sergio E. Ymas Jr.
260 ## - PUBLICATION, DISTRIBUTION, ETC. (IMPRINT)
Place of publication Valenzuela City :
Name of publisher Ymas Publishing House,
Year of publication ©2024.
300 ## - PHYSICAL DESCRIPTION
Number of Pages 294 pages :
Other physical details illustrations ; 26 cm.
650 ## - SUBJECT ADDED ENTRY--TOPICAL TERM
Topical Term Integral calculus.
650 ## - SUBJECT ADDED ENTRY--TOPICAL TERM
Topical Term Calculus.
700 ## - ADDED ENTRY--PERSONAL NAME
Personal name Niegas, Christian.
700 ## - ADDED ENTRY--PERSONAL NAME
Personal name Ymas, Sergio E., Jr.
942 ## - ADDED ENTRY ELEMENTS (KOHA)
Koha item type Books
Holdings
Source of acquisition Permanent Location Date acquired Koha item type Collection code Accession Number Lost status Shelving location Withdrawn status Current Location Full call number
SchoolCagayan State University - Carig Library2026-01-08BooksPure Sciences011323 General Collection Cagayan State University - Carig Library515.43 C221 2024
SchoolCagayan State University - Carig Library2026-01-08BooksPure Sciences011324 General Collection Cagayan State University - Carig Library515.43 C221 2024
SchoolCagayan State University - Carig Library2026-01-08BooksPure Sciences011325 General Collection Cagayan State University - Carig Library515.43 C221 2024

Cagayan State University University Library, Carig Campus
Tuguegarao City, Cagayan 3500 | www.csucarig.edu.ph

Powered by Koha